000 00816cab a22001935a 4500
001 L146269
008 081223s2008 xxkad f s 000 0 eng d
035 _a(Sirsi) u146269
041 0 _aeng
100 1 _aLavery, Brian
245 0 0 _aPublic sector influence reduces downturn repercussions
260 _c2008
490 0 _aProperty Forecast
_v11(10) October, 2008,12-13(2)
520 _aReviews the situation in Belfast's office market which is not being helped by the political stalemate. Reports that although Northern Ireland has been affected by the credit crunch as much as any other region in the UK, the number of public sector occupiers has been a factor for stability. Tables.
590 _aKA
651 4 _aBelfast
690 _aPROPERTY-COMMERCIAL PROPERTY-COMMERCIAL PROPERTY MARKET
942 _n0
999 _c81113
_d81113